[Event "Göteborg Open 2016"]
[Site "Idrottsvägen 2, Mölnlycke, Sweden"]
[Date "2016.08.19"]
[Round "3.2"]
[White "Blomqvist, Erik"]
[Black "Åkesson, Joel"]
[Result "1-0"]
[BlackElo "2294"]
[WhiteElo "2557"]
[LiveChessVersion "1.4.8"]

1. Nf3 {[%clk 0:15:08]} Nf6 {[%clk 0:15:02]} 2. c4 {[%clk 0:15:12]} b6
{[%clk 0:14:55]} 3. g3 {[%clk 0:15:09]} Bb7 {[%clk 0:14:59]} 4. Bg2
{[%clk 0:15:13]} e6 {[%clk 0:15:01]} 5. O-O {[%clk 0:15:16]} Be7 {[%clk 0:15:04]}
6. Nc3 {[%clk 0:15:13]} O-O {[%clk 0:15:05]} 7. b3 {[%clk 0:15:13]} d5
{[%clk 0:14:21]} 8. e3 {[%clk 0:15:07]} c5 {[%clk 0:13:31]} 9. Bb2
{[%clk 0:15:10]} Nc6 {[%clk 0:13:34]} 10. cxd5 {[%clk 0:15:13]} exd5
{[%clk 0:12:40]} 11. d4 {[%clk 0:15:17]} Re8 {[%clk 0:11:41]} 12. Rc1
{[%clk 0:13:50]} Bf8 {[%clk 0:10:29]} 13. dxc5 {[%clk 0:11:00]} Bxc5
{[%clk 0:07:56]} 14. Qd3 {[%clk 0:09:57]} Nb4 {[%clk 0:07:24]} 15. Qb1
{[%clk 0:10:00]} Ne4 {[%clk 0:06:46]} 16. a3 {[%clk 0:09:46]} Nc6
{[%clk 0:05:59]} 17. b4 {[%clk 0:09:43]} Bf8 {[%clk 0:05:32]} 18. Rfd1
{[%clk 0:08:55]} Nxc3 {[%clk 0:05:13]} 19. Rxc3 {[%clk 0:08:42]} Qe7
{[%clk 0:03:52]} 20. Rxd5 {[%clk 0:08:26]} Nxb4 {[%clk 0:03:34]} 21. Re5
{[%clk 0:08:20]} Qf6 {[%clk 0:03:20]} 22. Rxe8 {[%clk 0:08:17]} Rxe8
{[%clk 0:03:21]} 23. Rc8 {[%clk 0:07:37]} 1-0

[Event "Göteborg Open 2016"]
[Site "Idrottsvägen 2, Mölnlycke, Sweden"]
[Date "2016.08.19"]
[Round "3.3"]
[White "Efroimski, Marsel"]
[Black "Hector, Jonny"]
[Result "0-1"]
[BlackElo "2518"]
[WhiteElo "2329"]
[LiveChessVersion "1.4.8"]

1. e4 {[%clk 0:15:08]} e5 {[%clk 0:15:01]} 2. Nf3 {[%clk 0:15:12]} Nc6
{[%clk 0:15:04]} 3. Nc3 {[%clk 0:15:15]} Nf6 {[%clk 0:15:07]} 4. Bb5
{[%clk 0:15:19]} Nd4 {[%clk 0:15:05]} 5. Bc4 {[%clk 0:15:18]} Bc5
{[%clk 0:15:00]} 6. d3 {[%clk 0:15:20]} O-O {[%clk 0:14:26]} 7. h3
{[%clk 0:13:31]} c6 {[%clk 0:14:15]} 8. Nxd4 {[%clk 0:13:03]} exd4
{[%clk 0:14:00]} 9. Ne2 {[%clk 0:12:57]} d5 {[%clk 0:13:51]} 10. exd5
{[%clk 0:13:01]} Nxd5 {[%clk 0:13:49]} 11. O-O {[%clk 0:12:56]} Be6
{[%clk 0:13:34]} 12. Nf4 {[%clk 0:09:55]} Nxf4 {[%clk 0:13:37]} 13. Bxf4
{[%clk 0:09:58]} Bxc4 {[%clk 0:13:31]} 14. dxc4 {[%clk 0:10:02]} Qf6
{[%clk 0:13:23]} 15. Qd2 {[%clk 0:08:50]} Rae8 {[%clk 0:13:11]} 16. Rae1
{[%clk 0:06:59]} Re6 {[%clk 0:13:10]} 17. Rxe6 {[%clk 0:05:33]} fxe6
{[%clk 0:12:21]} 18. Bg3 {[%clk 0:05:36]} e5 {[%clk 0:11:00]} 19. Re1
{[%clk 0:04:27]} Bd6 {[%clk 0:10:57]} 20. Qe2 {[%clk 0:03:45]} Re8
{[%clk 0:10:02]} 21. c5 {[%clk 0:03:41]} Bc7 {[%clk 0:09:49]} 22. Qd3
{[%clk 0:02:54]} Qe6 {[%clk 0:09:13]} 23. Bxe5 {[%clk 0:02:11]} Bxe5
{[%clk 0:06:58]} 24. f4 {[%clk 0:02:15]} Qd5 {[%clk 0:06:59]} 25. Rxe5
{[%clk 0:01:00]} Rxe5 {[%clk 0:07:02]} 26. fxe5 {[%clk 0:01:04]} Qxe5
{[%clk 0:06:56]} 27. Qb3+ {[%clk 0:01:04]} Kf8 {[%clk 0:06:58]} 28. Qxb7
{[%clk 0:01:02]} Qxc5 {[%clk 0:07:01]} 29. Qc8+ {[%clk 0:00:46]} Ke7
{[%clk 0:07:03]} 30. Qc7+ {[%clk 0:00:45]} Kf6 {[%clk 0:07:06]} 31. Qf4+
{[%clk 0:00:42]} Ke6 {[%clk 0:06:57]} 32. Qe4+ {[%clk 0:00:34]} Kd6
{[%clk 0:06:52]} 33. Kf1 {[%clk 0:00:25]} Qb5+ {[%clk 0:06:49]} 34. Ke1
{[%clk 0:00:18]} Qxb2 {[%clk 0:06:47]} 35. Qxh7 {[%clk 0:00:15]} Qc1+
{[%clk 0:06:29]} 36. Ke2 {[%clk 0:00:18]} Qe3+ {[%clk 0:06:31]} 37. Kd1
{[%clk 0:00:22]} Qg1+ {[%clk 0:06:13]} 38. Kd2 {[%clk 0:00:21]} Qxg2+
{[%clk 0:06:16]} 39. Kd3 {[%clk 0:00:25]} c5 {[%clk 0:06:18]} 40. Qf5
{[%clk 0:00:17]} Qd5 {[%clk 0:05:44]} 41. Qf8+ {[%clk 0:00:15]} Kc7
{[%clk 0:05:28]} 42. Qxg7+ {[%clk 0:00:15]} Kb6 {[%clk 0:05:31]} 43. Qf6+
{[%clk 0:00:10]} Ka5 {[%clk 0:05:34]} 44. c4 {[%clk 0:00:09]} Qd7
{[%clk 0:05:16]} 45. Qf3 {[%clk 0:00:08]} Qa4 {[%clk 0:04:50]} 46. Qe2
{[%clk 0:00:11]} Qa3+ {[%clk 0:04:46]} 47. Ke4 {[%clk 0:00:15]} Qxh3
{[%clk 0:04:44]} 48. Kd5 {[%clk 0:00:10]} d3 {[%clk 0:04:03]} 49. Qb2
{[%clk 0:00:10]} Qf5+ {[%clk 0:03:51]} 50. Kc6 {[%clk 0:00:09]} Qe6+
{[%clk 0:03:54]} 51. Kxc5 {[%clk 0:00:12]} Qb6+ {[%clk 0:03:57]} 0-1

[Event "Göteborg Open 2016"]
[Site "Idrottsvägen 2, Mölnlycke, Sweden"]
[Date "2016.08.19"]
[Round "3.4"]
[White "Westerberg, Jonathan"]
[Black "Ask, Josef"]
[Result "1-0"]
[BlackElo "2208"]
[WhiteElo "2488"]
[LiveChessVersion "1.4.8"]

1. d4 {[%clk 0:15:08]} Nf6 {[%clk 0:15:09]} 2. c4 {[%clk 0:15:12]} g6
{[%clk 0:15:13]} 3. Nc3 {[%clk 0:15:12]} Bg7 {[%clk 0:15:16]} 4. e4
{[%clk 0:15:15]} d6 {[%clk 0:15:20]} 5. f4 {[%clk 0:15:14]} O-O {[%clk 0:15:23]}
6. Nf3 {[%clk 0:15:15]} c5 {[%clk 0:15:26]} 7. dxc5 {[%clk 0:15:18]} Qa5
{[%clk 0:15:25]} 8. Bd3 {[%clk 0:15:07]} Nfd7 {[%clk 0:15:24]} 9. O-O
{[%clk 0:14:21]} Nxc5 {[%clk 0:15:21]} 10. Qc2 {[%clk 0:13:11]} Bxc3
{[%clk 0:14:43]} 11. bxc3 {[%clk 0:13:15]} Nc6 {[%clk 0:14:36]} 12. f5
{[%clk 0:13:14]} b6 {[%clk 0:14:00]} 13. Bh6 {[%clk 0:13:17]} Re8
{[%clk 0:13:50]} 14. Be2 {[%clk 0:12:22]} Bb7 {[%clk 0:13:37]} 15. Rae1
{[%clk 0:11:48]} Nd7 {[%clk 0:13:19]} 16. Ng5 {[%clk 0:11:46]} Nce5
{[%clk 0:13:13]} 17. Kh1 {[%clk 0:11:13]} Rac8 {[%clk 0:13:06]} 18. Qc1
{[%clk 0:10:27]} Nxc4 {[%clk 0:12:41]} 19. fxg6 {[%clk 0:10:29]} fxg6
{[%clk 0:12:27]} 20. Qf4 {[%clk 0:10:33]} Nf6 {[%clk 0:12:06]} 21. Bg4
{[%clk 0:10:29]} Ne5 {[%clk 0:11:27]} 22. Be6+ {[%clk 0:10:29]} Kh8
{[%clk 0:11:31]} 23. Qh4 {[%clk 0:09:24]} Rxc3 {[%clk 0:11:02]} 24. Rxf6
{[%clk 0:09:24]} exf6 {[%clk 0:11:05]} 25. Bg7+ {[%clk 0:09:28]} Kxg7
{[%clk 0:11:06]} 26. Qxh7+ {[%clk 0:09:32]} Kf8 {[%clk 0:11:11]} 27. Rf1
{[%clk 0:08:13]} Rxe6 {[%clk 0:10:46]} 28. Nxe6+ {[%clk 0:08:07]} Ke8
{[%clk 0:10:50]} 29. Qxb7 {[%clk 0:07:57]} Qxa2 {[%clk 0:10:38]} 30. Qb8+
{[%clk 0:07:50]} Ke7 {[%clk 0:10:40]} 31. Qd8+ {[%clk 0:07:50]} 1-0

[Event "Göteborg Open 2016"]
[Site "Idrottsvägen 2, Mölnlycke, Sweden"]
[Date "2016.08.19"]
[Round "3.5"]
[White "Mohammadi, Amir"]
[Black "Antonsen, Mikkel"]
[Result "0-1"]
[BlackElo "2475"]
[WhiteElo "2288"]
[LiveChessVersion "1.4.8"]

1. e4 {[%clk 0:15:07]} e5 {[%clk 0:15:10]} 2. Nf3 {[%clk 0:14:56]} Nc6
{[%clk 0:15:14]} 3. Bc4 {[%clk 0:14:59]} Bc5 {[%clk 0:15:17]} 4. d3
{[%clk 0:15:01]} Nf6 {[%clk 0:15:14]} 5. Nc3 {[%clk 0:15:01]} d6 {[%clk 0:14:42]}
6. Bg5 {[%clk 0:14:48]} h6 {[%clk 0:14:45]} 7. Bh4 {[%clk 0:14:51]} g5
{[%clk 0:14:41]} 8. Nxg5 {[%clk 0:13:33]} hxg5 {[%clk 0:14:45]} 9. Bxg5
{[%clk 0:13:36]} Rg8 {[%clk 0:13:28]} 10. h4 {[%clk 0:13:40]} Bg4
{[%clk 0:12:57]} 11. Qd2 {[%clk 0:13:22]} Nb8 {[%clk 0:11:29]} 12. f3
{[%clk 0:12:18]} Be6 {[%clk 0:11:28]} 13. O-O-O {[%clk 0:12:18]} Nbd7
{[%clk 0:11:29]} 14. f4 {[%clk 0:12:11]} Bb4 {[%clk 0:09:45]} 15. Bb3
{[%clk 0:09:13]} Bxb3 {[%clk 0:09:11]} 16. axb3 {[%clk 0:09:16]} Qe7
{[%clk 0:07:09]} 17. Rdf1 {[%clk 0:08:31]} Bxc3 {[%clk 0:06:47]} 18. Qxc3
{[%clk 0:08:28]} O-O-O {[%clk 0:06:38]} 19. fxe5 {[%clk 0:08:19]} dxe5
{[%clk 0:06:37]} 20. Rf5 {[%clk 0:08:23]} Rg6 {[%clk 0:05:54]} 21. Rhf1
{[%clk 0:08:00]} Rdg8 {[%clk 0:05:55]} 22. Kb1 {[%clk 0:07:48]} Qe6
{[%clk 0:05:44]} 23. Qd2 {[%clk 0:07:12]} Nh7 {[%clk 0:05:36]} 24. Rxf7
{[%clk 0:05:18]} Nxg5 {[%clk 0:05:38]} 25. hxg5 {[%clk 0:05:21]} Rxg5
{[%clk 0:05:38]} 26. Rh7 {[%clk 0:03:44]} Rxg2 {[%clk 0:04:11]} 27. Qa5
{[%clk 0:03:14]} Qc6 {[%clk 0:03:53]} 28. c3 {[%clk 0:03:05]} a6 {[%clk 0:03:08]}
29. Rff7 {[%clk 0:02:50]} Rd8 {[%clk 0:03:12]} 30. Qb4 {[%clk 0:02:41]} Qb5
{[%clk 0:02:38]} 31. Rxd7 {[%clk 0:01:08]} Rxd7 {[%clk 0:02:11]} 32. Rh8+
{[%clk 0:01:06]} Rd8 {[%clk 0:02:16]} 33. Rxd8+ {[%clk 0:01:10]} Kxd8
{[%clk 0:02:20]} 34. Qf8+ {[%clk 0:01:14]} Qe8 {[%clk 0:02:16]} 0-1

[Event "Göteborg Open 2016"]
[Site "Idrottsvägen 2, Mölnlycke, Sweden"]
[Date "2016.08.19"]
[Round "3.6"]
[White "Arnelind, Mikael"]
[Black "Golubka, Petro"]
[Result "0-1"]
[BlackElo "2373"]
[WhiteElo "2204"]
[LiveChessVersion "1.4.8"]

1. d4 {[%clk 0:15:06]} Nf6 {[%clk 0:14:52]} 2. c4 {[%clk 0:15:08]} c5
{[%clk 0:14:56]} 3. d5 {[%clk 0:15:11]} e6 {[%clk 0:15:00]} 4. Nc3
{[%clk 0:15:14]} exd5 {[%clk 0:15:02]} 5. cxd5 {[%clk 0:15:17]} d6
{[%clk 0:15:04]} 6. e4 {[%clk 0:15:20]} g6 {[%clk 0:15:04]} 7. Nge2
{[%clk 0:15:22]} Bg7 {[%clk 0:15:08]} 8. Ng3 {[%clk 0:15:25]} O-O
{[%clk 0:15:04]} 9. Be2 {[%clk 0:15:27]} a6 {[%clk 0:15:00]} 10. a4
{[%clk 0:15:29]} Nbd7 {[%clk 0:15:03]} 11. O-O {[%clk 0:15:28]} b6
{[%clk 0:15:05]} 12. f3 {[%clk 0:15:13]} Qc7 {[%clk 0:15:04]} 13. Be3
{[%clk 0:14:35]} h5 {[%clk 0:15:06]} 14. Rc1 {[%clk 0:12:55]} h4 {[%clk 0:15:07]}
15. Nh1 {[%clk 0:12:58]} h3 {[%clk 0:14:55]} 16. g3 {[%clk 0:12:55]} c4
{[%clk 0:14:58]} 17. Nf2 {[%clk 0:10:40]} Rb8 {[%clk 0:14:52]} 18. b4
{[%clk 0:09:30]} cxb3 {[%clk 0:13:42]} 19. Nb5 {[%clk 0:09:23]} Qd8
{[%clk 0:13:28]} 20. Nxd6 {[%clk 0:09:24]} b2 {[%clk 0:13:24]} 21. Rb1
{[%clk 0:09:05]} Nc5 {[%clk 0:13:16]} 22. e5 {[%clk 0:08:27]} Ne8
{[%clk 0:12:54]} 23. Nxc8 {[%clk 0:08:18]} Bxe5 {[%clk 0:12:32]} 24. f4
{[%clk 0:07:35]} Bg7 {[%clk 0:12:25]} 25. Na7 {[%clk 0:07:37]} Qe7
{[%clk 0:12:16]} 26. Nc6 {[%clk 0:06:36]} Qxe3 {[%clk 0:12:19]} 27. Nxb8
{[%clk 0:06:40]} Nd6 {[%clk 0:12:20]} 28. Nxa6 {[%clk 0:06:21]} Nf5
{[%clk 0:11:22]} 29. Nxc5 {[%clk 0:03:37]} Qxc5 {[%clk 0:11:22]} 30. Qd2
{[%clk 0:03:10]} Ne3 {[%clk 0:11:01]} 31. Rfe1 {[%clk 0:02:39]} Bc3
{[%clk 0:10:45]} 32. Ne4 {[%clk 0:02:07]} Bxd2 {[%clk 0:10:44]} 33. Nxc5
{[%clk 0:02:11]} bxc5 {[%clk 0:10:44]} 34. Kf2 {[%clk 0:01:07]} Bxe1+
{[%clk 0:10:26]} 35. Kxe1 {[%clk 0:01:11]} Rb8 {[%clk 0:10:25]} 36. Bb5
{[%clk 0:01:13]} Nxd5 {[%clk 0:10:25]} 37. Rxb2 {[%clk 0:01:16]} Nc3
{[%clk 0:10:27]} 38. Kd2 {[%clk 0:01:16]} Nxa4 {[%clk 0:10:27]} 39. Rb1
{[%clk 0:01:07]} Rd8+ {[%clk 0:09:58]} 40. Kc2 {[%clk 0:01:09]} Nb6
{[%clk 0:10:00]} 41. Bf1 {[%clk 0:01:11]} Nd5 {[%clk 0:10:03]} 42. Bxh3
{[%clk 0:01:09]} Kg7 {[%clk 0:10:04]} 43. Re1 {[%clk 0:01:07]} Rh8
{[%clk 0:10:05]} 44. Bd7 {[%clk 0:00:44]} Rxh2+ {[%clk 0:10:07]} 45. Kd3
{[%clk 0:00:47]} c4+ {[%clk 0:10:02]} 46. Kd4 {[%clk 0:00:48]} Rd2+
{[%clk 0:10:03]} 47. Kc5 {[%clk 0:00:52]} Nxf4 {[%clk 0:09:54]} 48. gxf4
{[%clk 0:00:54]} Rxd7 {[%clk 0:09:57]} 49. Kxc4 {[%clk 0:00:58]} Kf6
{[%clk 0:09:58]} 50. Re5 {[%clk 0:01:01]} Rd1 {[%clk 0:10:00]} 51. Kc3
{[%clk 0:00:11]} Rf1 {[%clk 0:10:02]} 52. Re4 {[%clk 0:00:14]} Kf5
{[%clk 0:10:06]} 53. Re7 {[%clk 0:00:19]} f6 {[%clk 0:10:10]} 0-1

[Event "Göteborg Open 2016"]
[Site "Idrottsvägen 2, Mölnlycke, Sweden"]
[Date "2016.08.19"]
[Round "3.7"]
[White "Fries-Nielsen, Jens Ove"]
[Black "Kumar, Rahul"]
[Result "1/2-1/2"]
[BlackElo "2184"]
[WhiteElo "2369"]
[LiveChessVersion "1.4.8"]

1. d4 {[%clk 0:15:07]} d6 {[%clk 0:15:07]} 2. Nf3 {[%clk 0:15:05]} g6
{[%clk 0:15:06]} 3. g3 {[%clk 0:15:07]} Bg7 {[%clk 0:14:43]} 4. Bg2
{[%clk 0:15:11]} Nc6 {[%clk 0:14:46]} 5. O-O {[%clk 0:14:54]} Bg4
{[%clk 0:14:42]} 6. h3 {[%clk 0:14:46]} Bd7 {[%clk 0:14:42]} 7. c4
{[%clk 0:14:08]} e5 {[%clk 0:14:40]} 8. d5 {[%clk 0:14:01]} Nce7 {[%clk 0:14:42]}
9. e4 {[%clk 0:14:03]} f5 {[%clk 0:14:31]} 10. Nc3 {[%clk 0:13:42]} Nf6
{[%clk 0:14:34]} 11. exf5 {[%clk 0:13:04]} Nxf5 {[%clk 0:14:28]} 12. Bg5
{[%clk 0:12:31]} h6 {[%clk 0:14:17]} 13. Bxf6 {[%clk 0:12:34]} Qxf6
{[%clk 0:13:52]} 14. Ne4 {[%clk 0:12:35]} Qe7 {[%clk 0:13:54]} 15. Rc1
{[%clk 0:12:26]} O-O {[%clk 0:13:10]} 16. Re1 {[%clk 0:12:11]} b6
{[%clk 0:12:45]} 17. Qd3 {[%clk 0:12:00]} a5 {[%clk 0:12:14]} 18. b3
{[%clk 0:11:51]} Qf7 {[%clk 0:11:34]} 19. a3 {[%clk 0:11:54]} Nd4
{[%clk 0:11:31]} 20. Nxd4 {[%clk 0:11:53]} exd4 {[%clk 0:11:34]} 21. f4
{[%clk 0:11:39]} Rae8 {[%clk 0:11:04]} 22. Rf1 {[%clk 0:11:42]} Re7
{[%clk 0:10:39]} 23. g4 {[%clk 0:11:46]} Rfe8 {[%clk 0:10:36]} 24. Rc2
{[%clk 0:10:27]} h5 {[%clk 0:10:39]} 25. f5 {[%clk 0:09:46]} gxf5
{[%clk 0:09:49]} 26. Ng5 {[%clk 0:09:50]} Qg6 {[%clk 0:09:37]} 27. Ne6
{[%clk 0:09:39]} Bxe6 {[%clk 0:09:40]} 28. dxe6 {[%clk 0:09:41]} hxg4
{[%clk 0:09:43]} 29. Rxf5 {[%clk 0:09:15]} gxh3 {[%clk 0:06:23]} 30. Rf8+
{[%clk 0:07:47]} Kh7 {[%clk 0:06:27]} 31. Qxg6+ {[%clk 0:06:25]} Kxg6
{[%clk 0:06:30]} 32. Be4+ {[%clk 0:06:29]} Kh6 {[%clk 0:06:25]} 33. Rxe8
{[%clk 0:06:24]} Rxe8 {[%clk 0:06:29]} 34. Bf5 {[%clk 0:06:25]} Be5
{[%clk 0:06:21]} 35. Bxh3 {[%clk 0:06:29]} Rg8+ {[%clk 0:06:14]} 36. Rg2
{[%clk 0:06:28]} Rxg2+ {[%clk 0:05:50]} 37. Kxg2 {[%clk 0:06:33]} Kg6
{[%clk 0:05:53]} 38. Kf3 {[%clk 0:06:35]} 1/2-1/2

[Event "Göteborg Open 2016"]
[Site "Idrottsvägen 2, Mölnlycke, Sweden"]
[Date "2016.08.19"]
[Round "3.8"]
[White "Kazakovskiy, Valeriy"]
[Black "Winsnes, Gabriel"]
[Result "1-0"]
[BlackElo "1698"]
[WhiteElo "2342"]
[LiveChessVersion "1.4.8"]

1. Nf3 {[%clk 0:15:06]} Nf6 {[%clk 0:15:04]} 2. d4 {[%clk 0:15:07]} g6
{[%clk 0:14:56]} 3. c4 {[%clk 0:15:07]} Bg7 {[%clk 0:14:50]} 4. Nc3
{[%clk 0:15:08]} d5 {[%clk 0:14:45]} 5. cxd5 {[%clk 0:15:09]} Nxd5
{[%clk 0:14:44]} 6. e4 {[%clk 0:15:11]} Nxc3 {[%clk 0:14:41]} 7. bxc3
{[%clk 0:15:14]} c5 {[%clk 0:14:12]} 8. Be3 {[%clk 0:15:16]} Nc6 {[%clk 0:11:54]}
9. Rb1 {[%clk 0:11:59]} Qa5 {[%clk 0:10:40]} 10. Qd2 {[%clk 0:12:02]} cxd4
{[%clk 0:10:21]} 11. cxd4 {[%clk 0:12:05]} Qxd2+ {[%clk 0:10:17]} 12. Kxd2
{[%clk 0:12:08]} O-O {[%clk 0:09:57]} 13. d5 {[%clk 0:11:43]} Ne5
{[%clk 0:08:47]} 14. Nxe5 {[%clk 0:11:40]} Bxe5 {[%clk 0:08:50]} 15. f4
{[%clk 0:11:44]} Bg7 {[%clk 0:08:27]} 16. Bc5 {[%clk 0:10:25]} a6
{[%clk 0:06:44]} 17. Bxe7 {[%clk 0:08:53]} Re8 {[%clk 0:06:46]} 18. d6
{[%clk 0:08:56]} Bf8 {[%clk 0:06:46]} 19. Bxf8 {[%clk 0:08:56]} Kxf8
{[%clk 0:06:46]} 20. Bd3 {[%clk 0:08:55]} b5 {[%clk 0:06:23]} 21. Rbc1
{[%clk 0:08:34]} Re6 {[%clk 0:05:51]} 22. e5 {[%clk 0:08:19]} f6 {[%clk 0:05:22]}
23. Be4 {[%clk 0:08:10]} Rb8 {[%clk 0:05:10]} 24. Bd5 {[%clk 0:08:12]} Re8
{[%clk 0:04:48]} 25. Rc7 {[%clk 0:07:43]} Be6 {[%clk 0:03:22]} 26. d7
{[%clk 0:07:19]} Bxd7 {[%clk 0:02:40]} 27. Rxd7 {[%clk 0:07:21]} Rbd8
{[%clk 0:02:43]} 28. e6 {[%clk 0:07:10]} Rxd7 {[%clk 0:02:36]} 29. exd7
{[%clk 0:07:13]} Rd8 {[%clk 0:02:38]} 30. Be6 {[%clk 0:07:13]} Ke7
{[%clk 0:02:37]} 31. f5 {[%clk 0:07:16]} gxf5 {[%clk 0:02:15]} 32. Bxf5
{[%clk 0:07:19]} h5 {[%clk 0:02:19]} 33. Re1+ {[%clk 0:07:23]} Kf8
{[%clk 0:02:22]} 34. Kd3 {[%clk 0:07:22]} Kf7 {[%clk 0:02:23]} 35. Re8
{[%clk 0:07:23]} Rxe8 {[%clk 0:02:24]} 36. Bg6+ {[%clk 0:07:27]} Kxg6
{[%clk 0:02:26]} 37. dxe8=Q+ {[%clk 0:07:29]} Kg5 {[%clk 0:02:29]} 38. Ke4
{[%clk 0:07:19]} 1-0

[Event "Göteborg Open 2016"]
[Site "Idrottsvägen 2, Mölnlycke, Sweden"]
[Date "2016.08.19"]
[Round "3.9"]
[White "Winsnes, Rikard"]
[Black "Ernst, Thomas"]
[Result "1/2-1/2"]
[BlackElo "2357"]
[WhiteElo "2395"]
[LiveChessVersion "1.4.8"]

1. g3 {[%clk 0:15:07]} c5 {[%clk 0:15:07]} 2. Bg2 {[%clk 0:15:09]} Nc6
{[%clk 0:15:10]} 3. c4 {[%clk 0:14:12]} g6 {[%clk 0:15:10]} 4. Nc3
{[%clk 0:14:04]} Bg7 {[%clk 0:15:12]} 5. a3 {[%clk 0:13:45]} a6 6. Rb1
{[%clk 0:13:43]} Rb8 {[%clk 0:15:13]} 7. b4 {[%clk 0:13:38]} cxb4
{[%clk 0:15:15]} 8. axb4 {[%clk 0:13:41]} b5 {[%clk 0:15:17]} 9. cxb5
{[%clk 0:13:43]} axb5 {[%clk 0:15:21]} 10. Nf3 {[%clk 0:13:29]} e5
{[%clk 0:15:20]} 11. d4 {[%clk 0:12:01]} exd4 {[%clk 0:15:18]} 12. Nd5
{[%clk 0:11:20]} Nf6 {[%clk 0:15:03]} 13. Bg5 {[%clk 0:08:23]} h6
{[%clk 0:13:59]} 14. Nxf6+ {[%clk 0:08:04]} Bxf6 {[%clk 0:14:02]} 15. Bxf6
{[%clk 0:06:47]} Qxf6 {[%clk 0:14:05]} 16. Qd2 {[%clk 0:06:40]} Bb7
{[%clk 0:10:33]} 17. O-O {[%clk 0:06:40]} O-O {[%clk 0:10:11]} 18. Qxh6
{[%clk 0:06:34]} Rfe8 {[%clk 0:09:50]} 19. Qd2 {[%clk 0:06:10]} Re7
{[%clk 0:09:31]} 20. Rfe1 {[%clk 0:06:02]} Rbe8 {[%clk 0:09:30]} 21. Rbd1
{[%clk 0:05:51]} Re4 {[%clk 0:09:10]} 22. Ng5 {[%clk 0:05:07]} R4e7
{[%clk 0:09:02]} 23. Nf3 {[%clk 0:05:10]} Re4 {[%clk 0:08:53]} 24. Ng5
{[%clk 0:04:14]} R4e7 {[%clk 0:08:55]} 25. Nf3 {[%clk 0:04:09]} 1/2-1/2

[Event "Göteborg Open 2016"]
[Site "Idrottsvägen 2, Mölnlycke, Sweden"]
[Date "2016.08.19"]
[Round "3.10"]
[White "Westergren, Bertil"]
[Black "Petersson, Baldur Teodor"]
[Result "1/2-1/2"]
[BlackElo "2019"]
[WhiteElo "1947"]
[LiveChessVersion "1.4.8"]

1. d4 {[%clk 0:15:06]} d5 {[%clk 0:15:09]} 2. c4 {[%clk 0:15:10]} c6
{[%clk 0:15:13]} 3. cxd5 {[%clk 0:15:12]} cxd5 {[%clk 0:15:17]} 4. Bf4
{[%clk 0:15:13]} Nf6 {[%clk 0:15:20]} 5. Nc3 {[%clk 0:15:10]} Nc6
{[%clk 0:15:24]} 6. e3 {[%clk 0:15:03]} a6 {[%clk 0:15:28]} 7. Rc1
{[%clk 0:14:57]} Qb6 {[%clk 0:14:06]} 8. Qd2 {[%clk 0:14:07]} Bf5
{[%clk 0:13:51]} 9. Nf3 {[%clk 0:13:36]} e6 {[%clk 0:13:54]} 10. Be2
{[%clk 0:13:17]} Bb4 {[%clk 0:13:25]} 11. O-O {[%clk 0:12:47]} Ne4
{[%clk 0:13:14]} 12. Qd1 {[%clk 0:12:41]} Bxc3 {[%clk 0:12:30]} 13. bxc3
{[%clk 0:12:42]} Qb2 {[%clk 0:12:33]} 14. Rc2 {[%clk 0:09:59]} Qa3
{[%clk 0:12:36]} 15. Qc1 {[%clk 0:09:30]} Qxc1 {[%clk 0:11:34]} 16. Rcxc1
{[%clk 0:09:28]} b5 {[%clk 0:11:16]} 17. Nh4 {[%clk 0:09:10]} Kd7
{[%clk 0:08:57]} 18. Nxf5 {[%clk 0:09:10]} exf5 {[%clk 0:09:01]} 19. f3
{[%clk 0:08:45]} Nd6 {[%clk 0:08:27]} 20. Bxd6 {[%clk 0:07:59]} Kxd6
{[%clk 0:08:31]} 21. a4 {[%clk 0:08:02]} Rhe8 {[%clk 0:07:34]} 22. Kf2
{[%clk 0:08:00]} b4 {[%clk 0:06:41]} 23. cxb4 {[%clk 0:07:36]} Nxb4
{[%clk 0:06:45]} 24. Rc5 {[%clk 0:06:42]} Rec8 {[%clk 0:06:30]} 25. Rfc1
{[%clk 0:06:41]} Rc6 {[%clk 0:06:16]} 26. Rxc6+ {[%clk 0:06:13]} Nxc6
{[%clk 0:06:19]} 27. Rc5 {[%clk 0:06:10]} Nb4 {[%clk 0:05:42]} 28. h4
{[%clk 0:05:41]} 1/2-1/2

[Event "Göteborg Open 2016"]
[Site "Idrottsvägen 2, Mölnlycke, Sweden"]
[Date "2016.08.19"]
[Round "4.1"]
[White "Greenfeld, Alon"]
[Black "Westerberg, Jonathan"]
[Result "0-1"]
[BlackElo "2488"]
[WhiteElo "2568"]
[LiveChessVersion "1.4.8"]

1. Nf3 {[%clk 0:15:07]} d5 {[%clk 0:15:08]} 2. d4 {[%clk 0:15:09]} Nf6
{[%clk 0:15:12]} 3. c4 {[%clk 0:15:12]} dxc4 {[%clk 0:15:16]} 4. e3
{[%clk 0:14:55]} b5 {[%clk 0:15:21]} 5. a4 {[%clk 0:14:20]} b4 {[%clk 0:15:25]}
6. Bxc4 {[%clk 0:14:20]} e6 {[%clk 0:15:29]} 7. O-O {[%clk 0:13:57]} Be7
{[%clk 0:15:33]} 8. Bb5+ {[%clk 0:10:25]} c6 {[%clk 0:15:37]} 9. Bd3
{[%clk 0:10:28]} O-O {[%clk 0:15:40]} 10. e4 {[%clk 0:09:56]} Bb7
{[%clk 0:15:22]} 11. e5 {[%clk 0:09:03]} Nd5 {[%clk 0:15:26]} 12. h4
{[%clk 0:08:57]} Nd7 {[%clk 0:14:53]} 13. Ng5 {[%clk 0:06:41]} h6
{[%clk 0:14:44]} 14. Qh5 {[%clk 0:06:09]} c5 {[%clk 0:14:31]} 15. Nxe6
{[%clk 0:05:25]} fxe6 {[%clk 0:14:33]} 16. Qg6 {[%clk 0:05:29]} N5f6
{[%clk 0:13:05]} 17. Bxh6 {[%clk 0:05:18]} Rf7 {[%clk 0:13:09]} 18. Nd2
{[%clk 0:05:03]} Nf8 {[%clk 0:13:08]} 19. Qg3 {[%clk 0:04:55]} Nh5
{[%clk 0:12:45]} 20. Qg4 {[%clk 0:04:45]} Qxd4 {[%clk 0:12:47]} 21. Be4
{[%clk 0:04:21]} Bxe4 {[%clk 0:12:33]} 22. Nxe4 {[%clk 0:04:25]} Qxe5
{[%clk 0:12:36]} 23. Bg5 {[%clk 0:04:08]} Nf6 {[%clk 0:11:55]} 24. Bxf6
{[%clk 0:04:00]} Bxf6 {[%clk 0:11:58]} 25. Rae1 {[%clk 0:03:37]} Qf5
{[%clk 0:11:43]} 26. Qg3 {[%clk 0:03:26]} Be5 {[%clk 0:11:13]} 27. Qb3
{[%clk 0:03:29]} Rc8 {[%clk 0:10:44]} 28. Ng5 {[%clk 0:03:23]} Rf6
{[%clk 0:10:28]} 29. Re3 {[%clk 0:03:20]} Qf4 {[%clk 0:10:18]} 30. g3
{[%clk 0:03:14]} Qf5 {[%clk 0:09:59]} 31. Rf3 {[%clk 0:02:31]} Qg6
{[%clk 0:10:03]} 32. Re1 {[%clk 0:02:29]} Rxf3 {[%clk 0:09:44]} 33. Qxf3
{[%clk 0:02:25]} Bxb2 {[%clk 0:09:42]} 0-1